000 00738nam a2200241Ia 4500
003 OSt
005 20220927105016.0
006 a|||||r|||| 00| 0
007 ta
008 220926b |||||||| |||| 00| 0 eng d
024 _a180300
037 _cReference Collections
040 _aRTL
_cRTL
_beng
041 _2eng
_aeng
082 _a"X71:8F.2.N74<N73r, L4/GD"
110 _a"INDIA, LOK SABHA"
_9369357
245 0 _aPublic accounts committee
_b Ninety-Sixth report.
260 _aNew
_bDelhi Lok Sabha secretariat
_c1974
300 _a"vii,229p."
_ccm.
700 _a"INDIA, LOK SABHA"
_9369358
942 _h"X71:8F.2.N74<N73r, L4/GD"
_cCC
999 _c690180
_d690180